Developing a vision : Strategic planning for the school librarian in the 21st century / (Record no. 1772)
[ view plain ]
| 000 -LEADER | |
|---|---|
| fixed length control field | 00996nam a2200265 4500 |
| 003 - CONTROL NUMBER IDENTIFIER | |
| control field | OSt |
| 005 - DATE AND TIME OF LATEST TRANSACTION | |
| control field | 20240702030207.0 |
| 008 - FIXED-LENGTH DATA ELEMENTS--GENERAL INFORMATION | |
| fixed length control field | 240702b |||||||| |||| 00| 0 eng d |
| 020 ## - INTERNATIONAL STANDARD BOOK NUMBER | |
| International Standard Book Number | 9781591588917 |
| 040 ## - CATALOGING SOURCE | |
| Original cataloging agency | DWCL-Main lib. |
| Transcribing agency | OC |
| 082 ## - DEWEY DECIMAL CLASSIFICATION NUMBER | |
| Edition number | Second edition |
| Classification number | Res. 025.197 C953d 2011 |
| 006 - FIXED-LENGTH DATA ELEMENTS--ADDITIONAL MATERIAL CHARACTERISTICS | |
| fixed length control field | a |
| 100 ## - MAIN ENTRY--PERSONAL NAME | |
| Personal name | Crowley, John D. |
| 245 ## - TITLE STATEMENT | |
| Title | Developing a vision : Strategic planning for the school librarian in the 21st century / |
| 250 ## - EDITION STATEMENT | |
| Edition statement | Second edition |
| 260 ## - PUBLICATION, DISTRIBUTION, ETC. | |
| Place of publication, distribution, etc. | California : |
| Name of publisher, distributor, etc. | Libraries Unlimited, |
| Date of publication, distribution, etc. | c2011. |
| 300 ## - PHYSICAL DESCRIPTION | |
| Extent | xi, |
| Other physical details | 162 p. ; |
| Dimensions | 23 cm. |
| 490 ## - SERIES STATEMENT | |
| Materials specified | Libraries Unlimited professional guides in school librarianship |
| 504 ## - BIBLIOGRAPHY, ETC. NOTE | |
| Bibliography, etc. note | Includes bibliographical references & index. |
| 650 ## - SUBJECT ADDED ENTRY--TOPICAL TERM | |
| Topical term or geographic name entry element | 1. School libraries-United States-Planning |
| 650 ## - SUBJECT ADDED ENTRY--TOPICAL TERM | |
| Topical term or geographic name entry element | 2. Instructional materials centers-united States Planning. |
| 650 ## - SUBJECT ADDED ENTRY--TOPICAL TERM | |
| Topical term or geographic name entry element | 3. High school libraries-United States-case studies. |
| 650 ## - SUBJECT ADDED ENTRY--TOPICAL TERM | |
| Topical term or geographic name entry element | 4. Strategic planning. |
| 942 ## - ADDED ENTRY ELEMENTS (KOHA) | |
| Source of classification or shelving scheme | Dewey Decimal Classification |
| Suppress in OPAC | No |
| Koha item type | Book- Reserved |
| Edition | Second edition |
| Call number prefix | Res. |